000 00554nam a2200229Ia 4500
003 OSt
005 20221005124459.0
006 a|||||r|||| 00| 0
007 ta
008 221004b |||||||| |||| 00| 0 kan d
024 _a61642
037 _cTextual
040 _aCRL
_cCRL
_bkan
041 _2kan
_akan
082 _aV237.N7, 33L4
100 _aKamath Au.
_9635302
245 0 _aNa rajasthan adalli
260 _c1974
650 _aHISTORY
942 _hV237.N7, 33L4
_cTEXL
_2cc
999 _c1050617
_d1050617